000 00489nam a2200169Ia 4500
999 _c24872
_d24872
003 OSt
005 20201215145712.0
008 190216s9999||||xx |||||||||||||| ||und||
040 _coclc
082 _a894.8124
_bSRI/S
100 _aPillai, P Sridharan
_97532
245 0 _aSahitya Samparkkam /
_cP Sridharan Pillai
260 _bNbs publication ,
_aKottayam:
_c1959.
300 _a79p
650 _aLekhanam
942 _cBK
_2ddc
_h894.8124
_iSRI/S
_k894.8124
_mSRI/S